Industrielle Organisation Management Zeitschrift

Saved in:
Bibliographic Details
Format: Serial
Language:German
Published: Zürich Verlag Industrielle Organisation BWIETH
Tags: Add Tag
No Tags, Be the first to tag this record!

MARC

LEADER 00000nas1a2200000 4500
001 s123707
005 20051007124815.5
041 0 |a ger 
044 |a CH 
245 1 0 |a Industrielle Organisation  |b Management Zeitschrift 
264 1 |a Zürich  |b Verlag Industrielle Organisation BWIETH